MARC details
| 000 -CABECERA |
| campo de control de longitud fija |
02444nab a2200253 a 4500 |
| 005 - FECHA Y HORA DE LA ÚLTIMA TRANSACCIÓN |
| campo de control |
20260217062539.0 |
| 008 - ELEMENTOS DE LONGITUD FIJA--INFORMACIÓN GENERAL |
| campo de control de longitud fija |
991125c2016 sp ar p o 000 0 spa d |
| 035 ## - NÚMERO DE CONTROL DEL SISTEMA |
| Número de control de sistema |
UPN01000226648 |
| 040 ## - FUENTE DE LA CATALOGACIÓN |
| Centro catalogador/agencia de origen |
UPN |
| Lengua de catalogación |
spa |
| Centro/agencia transcriptor |
UPN |
| Normas de descripción |
aacr2 |
| 049 ## - COLECCIÓN |
| Colección |
ART-E |
| 100 1# - ASIENTO PRINCIPAL--NOMBRE PERSONAL |
| Nombre de persona |
Barredo Gutiérrez, Blanca |
| Enlace |
- blancabarredo@ub.edu |
| 245 10 - MENCIÓN DE TÍTULO |
| Título |
Participación efectiva y ejercicio responsable de los derechos del menor como ciudadano |
| Medio |
[recurso electrónico en línea] |
| 506 0# - NOTA DE RESTRICCIONES AL ACCESO |
| Limitaciones de acceso |
Acceso abierto |
| 520 3# - NOTA DE RESUMEN, ETC. |
| Sumario, etc. |
Los menores no sólo son titulares de derechos sino, también. son sujetos de responsabilidades o deberes y las instituciones deben garantizar que conozca sus derechos, los procedimientos para defenderlos y las obligaciones que asumen como ciudadanos activos. Ello, obedece a la concepción de los menores como ciudadanos de derecho. La Ley Orgánica 8/2015 de Protección Jurídica del menor introduce, en el capítulo III, título I, la rúbrica «Deberes de los menores», en el que, desde la concepción de los menores como ciudadanos, se les reconoce como corresponsables de las sociedades en las que participan y, por tanto, no sólo titulares de derechos sino también de deberes. Se regulan los deberes de los menores en general y en los ámbitos familiar, escolar y social en particular: respeto a la familia, corresponsabilidad en el cuidado del hogar, respeto a las normas de convivencia en los centros educativos, respeto a los recursos y las instalaciones públicas, etc. La infancia y adolescencia debe tener la capacidad y aptitud para asumir y cumplir con las obligaciones y responsabilidades inherentes a la titularidad de esos derechos en todos los ámbitos de la vida, tanto familiar, social como escolar. La sociedad, la escuela y las instituciones deben establecer normas, procedimientos y redes bien definidas para garantizar que el menor conozca sus derechos y pueda ejercer su participación en todas las actividades que le afecten como la familiar, sanitaria, de ocio, social, comunitaria y política. |
| 650 #4 - ASIENTO SECUNDARIO DE MATERIA - TERMINO TEMATICO |
| Término de materia o nombre geográfico como elemento de entrada |
Ciudadanía |
| 9 (RLIN) |
7037 |
| 650 #2 - ASIENTO SECUNDARIO DE MATERIA - TERMINO TEMATICO |
| Término de materia o nombre geográfico como elemento de entrada |
Responsabilidad |
| 9 (RLIN) |
1398 |
| 653 0# - TERMINO DE INDIZACION - NO CONTROLADO |
| Término no controlado |
Derechos del menor |
| 653 0# - TERMINO DE INDIZACION - NO CONTROLADO |
| Término no controlado |
Menores de edad |
| 773 ## - ENLACE AL DOCUMENTO FUENTE/ENTRADA DE REGISTRO ANFITRIÓN |
| Parte(s) relacionada(s) |
No. 9 (2016), p. 11-20 |
| Título |
Intervención psicoeducativa en la desadaptación social |
| Número Internacional Normalizado para Publicaciones Seriadas |
2013-2352 |
| 856 4# - LOCALIZACIÓN Y ACCESO ELECTRÓNICOS |
| Identificador Uniforme del Recurso |
<a href="http://www.webs.ulpgc.es/ipseds/IPSE-ds_Vol_9_2016/IPSE-ds-9.pdf">http://www.webs.ulpgc.es/ipseds/IPSE-ds_Vol_9_2016/IPSE-ds-9.pdf</a> |
| 856 4# - LOCALIZACIÓN Y ACCESO ELECTRÓNICOS |
| Identificador Uniforme del Recurso |
<a href="https://dialnet.unirioja.es/ejemplar/484001">https://dialnet.unirioja.es/ejemplar/484001</a> |
| 905 ## - TIPO DE MATERIAL |
| Tipo de material |
Articulo |
| 942 ## - ELEMENTOS DE PUNTO DE ACCESO ADICIONAL (KOHA) |
| Tipo de ítem Koha |
Artículo Electrónico |